ایک چادر میلی سی , Aik chadar mli se / (Record no. 599730)

000 -LEADER
fixed length control field 00336nam a2200121Ia 4500
008 - FIXED-LENGTH DATA ELEMENTS--GENERAL INFORMATION
fixed length control field 230907s9999||||xx |||||||||||||| ||und||
082 ## - DEWEY DECIMAL CLASSIFICATION NUMBER
Classification number 891.4392
Author Mark BAI
245 #0 - TITLE STATEMENT
Title ایک چادر میلی سی , Aik chadar mli se /
260 ## - PUBLICATION, DISTRIBUTION, ETC.
Place of publication, distribution, etc. 7th Sky Publications,
Name of publisher, distributor, etc. Lahore :
Date of publication, distribution, etc. 2014
300 ## - PHYSICAL DESCRIPTION
Extent 116 p.
650 ## - SUBJECT ADDED ENTRY--TOPICAL TERM
Topical term or geographic name entry element Urdu Literature
942 ## - ADDED ENTRY ELEMENTS (KOHA)
Koha item type Book
Holdings
Withdrawn status Lost status Damaged status Not for loan Permanent Location Current Location Date acquired Total Checkouts Full call number Barcode Date last seen Price effective from Koha item type
        US-Pakistan Center for Advanced Studies in Energy (USPCAS-E) US-Pakistan Center for Advanced Studies in Energy (USPCAS-E) 10/02/2019   891.4392 BAI CAS-E0003829 09/12/2023 09/12/2023 Book
© 2023 Central Library, National University of Sciences and Technology. All Rights Reserved.